000 00366nam a2200145Ia 4500
008 090124s9999 xx 000 0 und d
082 _b305734
245 _a कळत नकळत
250 _a1
260 _bहरकारे अरुण
_c2007
300 _a190
630 _a कळत नकळत
730 _a कळत नकळत
942 _cBOOK
999 _c195728
_d195728